000 01210nam a2200325 a 4500
001 000114509
003 CHAP
005 20220329144444.0
008 180208s2017 mx sm |||||||spa d
010 _a110970
011 _a111942
040 _cCHAP
090 _aTesis
100 1 _aVelasco Villanueva, Diana Donaji
_9134612
245 1 0 _aRespuesta reproductiva de cabras con cidr y la aplicación de un reconstituyente metabolico
_h[En línea]
_cpor Diana Donaji Velasco Villanueva.
260 _aChapingo, Méx. :
_bEl autor,
_c2017.
500 _aPara ver el contenido del material haga clic en la liga
502 _aTesis (Ing. Agr. Esp. en Zootecnia) -- UACH. Departamento de Zootecnia
590 _aE6339RRR
_b05
_c20180208
_lUCH01
_h1001
590 _aE6339RRR
_b05
_c20180208
_lUCH01
_h1002
590 _aE6339RRR
_b05
_c20180208
_lUCH01
_h1004
650 1 4 _aGanado cabrío
_xFecundidad.
_945011
650 1 4 _aGanado cabrío
_xReproducción.
_945043
650 1 4 _aHormonas
_xEfecto en animales domésticos.
_956236
650 1 4 _aSincronización del celo.
_9106556
856 _aFinding aid
_uhttp://10.13.5.2/tesis/sist114509.pdf
_zTeclea aquí
901 _aBK
942 _cLIBRO
942 _n0
999 _c110970
_d110970